Compliance, gestão de riscos e combate à corrupção : (Record no. 352)

MARC details
000 -LÍDER
Campo Fixo de Controle 00950nam a2200265 a 4500
001 - NÚMERO DE CONTROLE
Campo de Controle 352
003 - IDENTIFICAÇÃO DO NÚMERO DE CONTROLE
Campo de Controle BR-CuiBMT
005 - DATA E HORA DA ÚLTIMA ATUALIZAÇÃO
Campo de Controle 20231215235950.0
008 - DADOS FIXOS
Dados Fixos 231101s2019 mgba 000 0 por d
020 ## - INTERNATIONAL STANDARD BOOK NUMBER
Nº do ISBN 9788545004738
040 ## - AGÊNCIA CATALOGADORA
Código da Agência Catalogadora BR-CuiBMT
Agência que transcreveu o registro BR-CuiBMT
080 ## - Nº DA CLASSIFICAÇÃO DECIMAL UNIVERSAL
Nº edição CDU 2007
Nº Class. CDU 343.352:35.077.1
Subd. Auxiliar Comum -048.47
090 ## - NÚMERO DE CHAMADA
Nº classificação 343.352:35.077.1-048.47
Cutter C737
245 1# - TÍTULO PRINCIPAL
Título principal Compliance, gestão de riscos e combate à corrupção :
Subtítulo integridade para o desenvolvimento /
Indicação de responsabilidade Marco Aurélio Borges de Paula ,Rodrigo Pironti Aguirre de Castro, coordenadores ; prefácio, Benjamin Zymler.
250 ## - EDIÇÃO
Edição 3. reimpr.
260 ## - PUBLICAÇÃO, DISTRIBUIÇÃO, ETC.
Local de publicação Belo Horizonte :
Editora Forum,
Data 2019.
300 ## - DESCRIÇÃO FÍSICA
N. páginas ou volumes 452 p.:
Ilustrações il.
Dimensões 22 cm
504 ## - NOTA DE BIBLIOGRAFIA, ETC.
Nota de bibliografia inclui bibliografia.
650 ## - ASSUNTO TÓPICO
Cabeçalho tópico ou nome geográfico Direito administrativo
650 ## - ASSUNTO TÓPICO
Cabeçalho tópico ou nome geográfico Corrupção
650 ## - ASSUNTO TÓPICO
Cabeçalho tópico ou nome geográfico Anticorrupção
700 ## - ENTRADA SECUNDÁRIA -- NOME PESSOAL
Cód. do termo explicativo coord.
Nome pessoal Paula, Marco Aurélio Borges de
700 ## - ENTRADA SECUNDÁRIA -- NOME PESSOAL
Cód. do termo explicativo coord.
Nome pessoal Castro, Rodrigo Pironti Aguirre de,
Datas associadas ao nome 1981-
942 ## - ELEMENTOS DE ENTRADA ADICIONAIS (KOHA)
Fonte de classificação ou esquema de arquivamento Classificação Decimal Universal
Tipo de item do Koha Livros
Holdings
Estado: removido Estado: perdido Fonte de classificação ou esquema de arquivamento Estado: danificado Indisponível para empréstimo Localização permanente Localização atual Data de aquisição Total Checkouts Número de Chamada completo Código de barras Date last seen Número do exemplar Preço efetivo a partir de Tipo de item (Koha) Nota pública
    Classificação Decimal Universal     Biblioteca da Escola Superior de Contas do TCE/MT Biblioteca da Escola Superior de Contas do TCE/MT 01/11/2023   343.352:35.077.1-048.47 C737 BIBTCEMT23110025 01/11/2023 Ex. 1 01/11/2023 Livros  
    Classificação Decimal Universal     Biblioteca da Escola Superior de Contas do TCE/MT Biblioteca da Escola Superior de Contas do TCE/MT 01/11/2023   343.352:35.077.1-048.47 C737 BIBTCEMT23110026 01/11/2023 Ex. 2 01/11/2023 Livros  
    Classificação Decimal Universal     Biblioteca da Escola Superior de Contas do TCE/MT Biblioteca da Escola Superior de Contas do TCE/MT 23/11/2023   343.352:35.077.1-048.47 C737 BIBTCEMT23110941 23/11/2023 Ex. 3 23/11/2023 Livros 3. reimpr. 2019
    Classificação Decimal Universal     Biblioteca da Escola Superior de Contas do TCE/MT Biblioteca da Escola Superior de Contas do TCE/MT 23/11/2023   343.352:35.077.1-048.47 C737 BIBTCEMT23120642 16/12/2023 Ex. 4 23/11/2023 Livros 3. reimpr. 2019

Powered by Koha